000 00508nam a2200193Ia 4500
005 20260429112117.0
008 260429s9999||||xx |||||||||||||| ||und||
020 _a9781835352243
041 _aEnglish
082 _a577
_bCOP
100 _aCope, Meghan
245 0 _aStudy of hyperspectral remote sensing /
_cMeghan Cope
250 _a1st ed.
260 _aUnited Kingdom :
_bEd-Tech Press,
_c2025.
300 _aix, 274 p.; hb
650 _a Hyperspectral
650 _aRemote sensing
942 _cTB
999 _c52402
_d52402